000
00221 a2200097 4500
000
nam a22 7a 4500
005
20260302121415.0
100
_a
Mistry, Rohinton
_9
1123466
245
_a
A Fine Balance
942
_c
TEXL
999
_c
1688374
_d
1688374